載入...

Physiology and biochemistry of plant cell walls

書目詳細資料
Main Authors: Brett, C, Waldron, K
格式: Printed Book
出版: London, Unwin Hyman 1990
叢編:Topics in plant physiology
主題:
LEADER 005950000a22002050004500
020 |a 0-04581035-4 
082 |a 581.875 N0 
100 |a Brett, C 
100 |a Waldron, K 
245 |a Physiology and biochemistry of plant cell walls 
260 |a London, Unwin Hyman 
260 |c 1990 
490 |a Topics in plant physiology 
650 |a Biochemistry 
650 |a Physiology 
650 |a Plant cell walls 
650 |a Plants 
942 |c BK 
999 |c 131970  |d 131966 
952 |0 0  |1 0  |4 0  |6 581_875000000000000_N0  |7 0  |9 130906  |a SCP  |b SCP  |d 2014-02-11  |l 0  |o 581.875 N0  |p SCP03509  |r 2014-02-11  |w 2014-02-11  |y BK